| 000 | 00599nam a22001937a 4500 | ||
|---|---|---|---|
| 003 | 0 | ||
| 005 | 20250109091052.0 | ||
| 008 | 250109b xxu||||| |||| 00| 0 eng d | ||
| 020 | _a979-8-89161-164-1 | ||
| 050 |
_aLB 2956 _b.D38 2024 |
||
| 100 |
_aDavidson, Max _eauthor. |
||
| 245 |
_aEducational administration / _cMax Davidson. |
||
| 260 |
_aJersey City, USA : _bAlexis Press, LLC, _c2024. |
||
| 300 |
_avii, 274 p. ; _c24 cm. |
||
| 504 | _aIncludes bibliographical references and index. | ||
| 650 | _aSchool management & organization. | ||
| 650 | _aUniversities & Colleges. | ||
| 942 |
_2lcc _cBK |
||
| 999 |
_c366943 _d366943 |
||